000
00219 a2200097 4500
001
33781
100
_a
Sibte Hasan
245
_a
Mazi ke Mazar [Urdu]
260
_a
Karachi
_b
Maktabh Danyal
_c
2002
090
_c
22435
_d
22435
942
_a
NUST-CAE
_c
M
_c
13820
999
_c
268854
_d
268854